[Event "POL-ch U18 Girls"]
[Site "Jastrzebia Gora"]
[Date "2023.??.??"]
[Round "7"]
[White "Bauer, Marika"]
[Black "Tittor, Weronika"]
[Result "1/2-1/2"]
[WhiteElo "1183"]
[BlackElo "1226"]
[PlyCount "60"]
[EventDate "2023.03.11"]
[EventType "swiss"]
[EventRounds "9"]
[EventCountry "POL"]
[SourceTitle "CBM 213 Extra"]
[Source "ChessBase"]
[SourceDate "2023.05.31"]
[SourceVersion "1"]
[SourceVersionDate "2023.05.31"]
[SourceQuality "1"]

1. e4 c5 2. Nf3 a6 3. d4 cxd4 4. Nxd4 Nf6 5. Nc3 e5 6. Nb3 Bb4 7. Bd2 Nc6 8. Bd3 d5 9. Nxd5 Bxd2+ 10. Qxd2 Nxd5 11. exd5 Qxd5 12. 0-0 Be6 13. Rfe1 0-0 14. Be4 Qxd2 15. Nxd2 Rfd8 16. Nf3 Bd5 17. Bxd5 Rxd5 18. Rad1 Rad8 19. Rxd5 Rxd5 20. c3 f6 21. g3 Rd3 22. Kg2 Kf7 23. Re2 b5 24. Rd2 Rxd2 25. Nxd2 Ke6 26. Kf3 Kd5 27. Ke3 a5 28. b3 g6 29. f3 f5 30. h4 h5 1/2-1/2